Wszystkie skiny do P2000 w CS:GO - Statystyki

Ogólne statystyki
  • Ten quiz został rozwiązany 8 razy
  • Średni wynik to 7 z 27
Statystyki odpowiedzi
Rodzaj (Kolor) Skin % Poprawnych
Czerwony Fire Elemental
100%
Niebieski Imperial
67%
Różowy Imperial Dragon
67%
Różowy Corticera
50%
Różowy Ocean Foam
50%
Fioletowy Obsidian
33%
Fioletowy Acid Etched
17%
Fioletowy Amber Fade
17%
Niebieski Chainmail
17%
Niebieski Coach Class
17%
Niebieski Gnarled
17%
Niebieski Granite Marbleized
17%
Niebieski Grassland
17%
Niebieski Grassland Leaves
17%
Fioletowy Handgun
17%
Niebieski Ivory
17%
Niebieski Oceanic
17%
Niebieski Panther Camo
17%
Niebieski Pathfinder
17%
Niebieski Pulse
17%
Niebieski Red FragCam
17%
Fioletowy Scorpion
17%
Niebieski Silver
17%
Niebieski Turf
17%
Niebieski Urban Hazard
17%
Fioletowy Woodsman
17%
Niebieski Dispatch
0%
Nie znaleziono quizów pasujących do podanych kryteriów
Rozkład punktacji
Procent ludzi z każdym wynikiem
Percentyl według liczby udzielonych odpowiedzi
Twoja historia wyników
Nie rozwiązałeś tego quizu